Teoría de la acción comunicativa
Αποθηκεύτηκε σε:
| Κύριος συγγραφέας: | |
|---|---|
| Μορφή: | Βιβλίο |
| Γλώσσα: | Ισπανικά |
| Έκδοση: |
Madrid, España
Taurus Humanidades
1992
|
| Σειρά: | Humanidades Filosofía, 279
|
| Θέματα: | |
| Ετικέτες: |
Προσθήκη ετικέτας
Δεν υπάρχουν, Καταχωρήστε ετικέτα πρώτοι!
|
MARC
| LEADER | 00000nam a2200000 a 4500 | ||
|---|---|---|---|
| 001 | UCX7559 | ||
| 003 | CL-VaPUC | ||
| 005 | 20230411074549.0 | ||
| 008 | 931215e19920000SP |||||||||||||||||spa|d | ||
| 999 | |c 227355 |d 227353 | ||
| 040 | |c Pontificia Universidad Católica de Valparaíso | ||
| 082 | 0 | 4 | |a 149.94 HAB 1992 |2 21 |
| 100 | |a Habermas, Jürgen |e author |9 334310 | ||
| 245 | 1 | 0 | |a Teoría de la acción comunicativa |
| 260 | |a Madrid, España |b Taurus Humanidades |c 1992 | ||
| 300 | |a 2 volúmenes | ||
| 490 | 0 | |a Humanidades Filosofía, 279 | |
| 500 | |a v.2: Crítica de la rázon funcionalista | ||
| 583 | |a last modification |c 20121003 12:10:10 |k Rodrigo Vera | ||
| 650 | 0 | |a Racionalismo |9 259116 | |
| 650 | 0 | |a Comunicación |9 257251 | |
| 650 | 0 | |a Semántica |9 265318 | |
| 650 | 0 | |a Filosofía del lenguaje |9 257082 | |
| 852 | |a BIBCUR | ||
| 942 | |c BK |2 ddc | ||
| 945 | |d 19931215 00:00:00 |a nfarias | ||
| 952 | |0 0 |1 0 |4 0 |6 149_940000000000000_HAB_1992 |7 0 |8 A |9 226309 |a BIBGIM |b BIBGIM |d 2019-11-15 |h v.2 |i 2954583 |o 149.94 HAB 1992 |p 2954583 |r 2025-01-15 |w 2019-11-15 |y BK |k SSL | ||
| 952 | |0 0 |1 0 |4 0 |6 149_940000000000000_HAB_1992 |7 0 |8 A |9 226310 |a BIBEDU |b BIBEDU |d 2019-11-15 |h v.2 |i 2988038 |o 149.94 HAB 1992 |p 2988038 |r 2019-11-15 |w 2019-11-15 |y BK |k PSI | ||